000 00480nam a2200169Ia 4500
003 GCL
008 140319s9999 xx 000 0 ara d
040 _aGCL /
_cGCL
082 0 4 _a362.78
_bر س
100 1 _aرمضان محمد القذافى
245 1 0 _aسيكلوجية الاعاقة /
_cرمضان محمد القذافى
300 _a246 ص
490 _a100 قصة
_v0
650 0 4 _aالخدمة الاجتماعية
650 0 4 _aالمعوقون
942 _2ddc
_cBK
999 _c43644
_d43644